000 00678nam a2200229 i 4500
001 bg
100 1 _aNIENARTOWICZ, Andrzej
245 1 0 _aEnergetyka dużych systemów ekologicznych /
_cAndrzej Nienartowicz.
260 _aToruń :
_bUniwersytet Mikołaja Kopernika,
_c1996.
300 _a144, [1] s. :
_brys., wykr. ;
_c30 cm.
504 _aBibliogr. s. 127-140. - Summ.
650 9 _aEnergia
_xbadanie
_xpomiary
650 9 _aEkologia
_xzagadnienia
651 9 _aToruń, okręg
_xekologia
020 _a8323107165
040 _cBPK
041 0 _apl
_ben
080 _a574(438-17)
920 _a83-231-0716-5
942 _cKS
008 s pl f |000 0 pol
999 _c31133
_d31133
856 _uhttp://koha.tu.koszalin.pl/cgi-bin/koha/opac-detail.pl?biblionumber=31133
_yKatalog online BPK